[Event "World Blitz 2025"]
[Site "Doha QAT"]
[Date "2025.12.29"]
[Round "1.68"]
[White "Amin, Bassem"]
[Black "Pranav, Anand"]
[Result "0-1"]
[WhiteTitle "GM"]
[BlackTitle "GM"]
[WhiteElo "2626"]
[BlackElo "2591"]
[WhiteFideId "10601457"]
[BlackFideId "46626786"]
[EventDate "2025.12.29"]

1. Nf3 d5 2. g3 Nf6 3. Bg2 e6 4. O-O Be7 5. d3 O-O 6. Nbd2 a5 7. e4 a4 8. a3 c5
9. Re1 Nc6 10. e5 Nd7 11. Nf1 b5 12. Bf4 Bb7 13. h4 Qb6 14. h5 h6 15. Qd2 Rfc8
16. g4 Qd8 17. N1h2 Ra6 18. Kh1 b4 19. axb4 cxb4 20. d4 Na5 21. g5 Nc4 22. Qc1
hxg5 23. Bxg5 b3 24. Rg1 a3 25. Rxa3 Nxa3 26. Bf1 Bxg5 27. Rxg5 Nxc2 28. Bxa6
Bxa6 29. Qg1 Qf8 30. h6 g6 31. Rxg6+ Kh8 32. Rg7 Bd3 33. Ng5 Bg6 34. Nxe6 Qb4
35. Rxf7 Qe1 36. Rxd7 Bf5 37. Qxe1 Nxe1 38. Rd6 Rc1 39. Ng5 Nf3+ 40. Kg2 Nxg5
41. Kg3 Ne4+ 42. Kf4 Nxd6 43. exd6 Bc8 44. Nf3 Rc2 45. Ke5 Rxb2 46. Nh4 Rxf2 0-1

[Event "World Blitz 2025"]
[Site "Doha QAT"]
[Date "2025.12.29"]
[Round "1.85"]
[White "Davtyan, Artur"]
[Black "Ponomariov, Ruslan"]
[Result "1-0"]
[WhiteTitle "IM"]
[BlackTitle "GM"]
[WhiteElo "2474"]
[BlackElo "2639"]
[WhiteFideId "13308327"]
[BlackFideId "14103320"]
[EventDate "2025.12.29"]

1. e4 c5 2. Nc3 Nc6 3. Bb5 Nd4 4. Bc4 e6 5. Nge2 Nf6 6. O-O a6 7. a4 d6 8. d3
Nc6 9. d4 cxd4 10. Nxd4 Be7 11. Nxc6 bxc6 12. a5 O-O 13. Bd3 Bb7 14. Bd2 c5 15.
Re1 Qc7 16. Qe2 Rfe8 17. b3 d5 18. h3 g6 19. Qf3 c4 20. bxc4 dxc4 21. Bf1 Nd7
22. Na4 Qc6 23. Bc3 Rad8 24. Qf4 Bd6 25. Qg5 Be7 26. Qf4 Bd6 27. e5 Bf8 28. Qxc4
Nc5 29. Nb6 Qc7 30. Bb4 Bc6 31. Qc3 Ne4 32. Rxe4 1-0

[Event "World Blitz 2025"]
[Site "Doha QAT"]
[Date "2025.12.29"]
[Round "1.86"]
[White "Christiansen, Johan-Sebastian"]
[Black "Mamedov, Edgar"]
[Result "0-1"]
[WhiteTitle "GM"]
[BlackTitle "GM"]
[WhiteElo "2655"]
[BlackElo "2492"]
[WhiteFideId "1512668"]
[BlackFideId "13739980"]
[EventDate "2025.12.29"]

1. e4 c5 2. Nf3 Nc6 3. Bb5 e6 4. Bxc6 bxc6 5. b3 Ne7 6. Bb2 d6 7. d3 e5 8. Nbd2
Ng6 9. h4 h5 10. Nf1 Bg4 11. g3 Qa5+ 12. c3 Be7 13. Ne3 Be6 14. Qe2 Qc7 15. d4
cxd4 16. cxd4 Qa5+ 17. Kf1 Qb5 18. Qxb5 cxb5 19. dxe5 dxe5 20. Nf5 Bf6 21. Nd6+
Kf8 22. Nxb5 Rc8 23. Kg2 a6 24. Nc3 Kg8 25. Rad1 Kh7 26. Ng5+ Bxg5 27. hxg5 h4
28. Rd6 h3+ 29. Kf3 Rhd8 30. Rxd8 Rxd8 31. Ke3 Kg8 32. f4 exf4+ 33. gxf4 Bg4 34.
Nd5 Nh4 35. Kf2 Be6 36. Kg3 Bxd5 37. exd5 Nf5+ 38. Kg4 Ne3+ 39. Kf3 Nxd5 40.
Rxh3 Nb4 41. Kg4 Nxa2 42. f5 Nb4 43. Re3 Nd5 44. Re4 Rb8 45. Rd4 Ne3+ 46. Kf4
Rxb3 47. g6 fxg6 48. fxg6 Kf8 49. Bc1 Ng2+ 50. Ke5 Rb5+ 51. Ke4 Ke7 52. Ba3+ Kf6
53. Rd6+ Kg5 54. Bc1+ Kh5 55. Rxa6 Nh4 56. Ra7 Kxg6 57. Ra6+ Kh5 58. Ra7 Nf5 59.
Bf4 Kg4 60. Bd2 Nd6+ 61. Kd4 g5 62. Ra6 Nf5+ 63. Kd3 Rd5+ 64. Ke2 Ng3+ 65. Ke1
Re5+ 66. Kd1 Ne4 67. Be1 Kf3 68. Ra3+ Kf4 69. Ra4 g4 70. Ke2 Rb5 71. Bd2+ Kf5
72. Be3 Nc3+ 0-1

[Event "World Blitz 2025"]
[Site "Doha QAT"]
[Date "2025.12.29"]
[Round "1.87"]
[White "Stribuk, Artiom"]
[Black "Donchenko, Alexander"]
[Result "0-1"]
[WhiteTitle "IM"]
[BlackTitle "GM"]
[WhiteElo "2476"]
[BlackElo "2661"]
[WhiteFideId "13515659"]
[BlackFideId "24603295"]
[EventDate "2025.12.29"]

1. c4 e5 2. g3 Nc6 3. Bg2 g6 4. Nc3 d6 5. Rb1 a5 6. a3 Bg7 7. b4 axb4 8. axb4
Nf6 9. d3 O-O 10. Nf3 h6 11. O-O Bg4 12. h3 Be6 13. Nd2 d5 14. b5 Ne7 15. cxd5
Nexd5 16. Bb2 Nxc3 17. Bxc3 Nd5 18. Bb2 Qd7 19. Kh2 Ra2 20. Nc4 Qe7 21. Qb3 Rfa8
22. Ra1 Rxa1 23. Rxa1 Rxa1 24. Bxa1 Qc5 25. e3 Nb6 26. Qa3 Qxa3 27. Nxa3 Bf5 28.
Bxb7 Bxd3 29. Bb2 e4 30. Bxg7 Kxg7 31. Kg2 Kf6 32. f3 Ke5 33. Kf2 exf3 34. Kxf3
Kd6 35. Be4 Bf1 36. h4 Nc4 37. Nxc4+ Bxc4 38. Bc6 Bd5+ 39. Bxd5 Kxd5 40. Kf4 Kc5
41. Ke5 Kxb5 42. Kf6 c5 43. Kxf7 c4 44. e4 c3 45. e5 c2 46. e6 c1=Q 47. e7 Qc7
48. Kf8 Qd6 49. Kf7 Qd7 50. Kf8 Qf5+ 51. Kg7 Qe6 52. Kf8 Qf6+ 0-1

[Event "World Blitz 2025"]
[Site "Doha QAT"]
[Date "2025.12.29"]
[Round "1.88"]
[White "Petrov, Nikita"]
[Black "Shogdzhiev, Roman"]
[Result "1-0"]
[WhiteTitle "GM"]
[BlackTitle "IM"]
[WhiteElo "2578"]
[BlackElo "2403"]
[WhiteFideId "4101286"]
[BlackFideId "55653537"]
[EventDate "2025.12.29"]

1. d4 d5 2. c4 c6 3. Nf3 Nf6 4. e3 Bf5 5. Bd3 Bg6 6. O-O e6 7. Nc3 Nbd7 8. Bxg6
hxg6 9. Qd3 Bb4 10. Bd2 Bxc3 11. Bxc3 O-O 12. Rfd1 Ne4 13. Be1 Rc8 14. Rac1 g5
15. h3 Qb6 16. b4 Qa6 17. Qb3 b5 18. c5 f5 19. Ne5 Nef6 20. Nd3 Qb7 21. a4 a6
22. Ra1 Qc7 23. Ra3 Ne4 24. Rda1 Rb8 25. axb5 axb5 26. Ra7 Rb7 27. Qa2 f4 28.
exf4 gxf4 29. Rxb7 Qxb7 30. Qa7 Qc8 31. f3 Ng3 32. Bxg3 fxg3 33. Re1 Qd8 34.
Rxe6 Qg5 35. Qxd7 Qd2 36. Re7 Qd1+ 37. Ne1 Qxd4+ 38. Kh1 Qf6 39. Qe6+ Qxe6 40.
Rxe6 Ra8 41. Kg1 Ra2 42. Re3 d4 43. Rd3 Re2 44. Rd1 Kf7 45. Nd3 Kf6 46. Nf4 Rb2
47. Nh5+ Ke5 48. Nxg3 Rxb4 49. Ne4 Rb2 50. Rd2 Rb1+ 51. Kf2 b4 52. Ke2 b3 53.
Kd3 Re1 54. Rb2 Re3+ 55. Kd2 Kd5 56. Rb1 Kc4 57. Rc1+ Kb4 58. Rb1 Kc4 59. h4
Rd3+ 60. Ke2 Re3+ 61. Kd2 Rd3+ 62. Ke2 Re3+ 63. Kf2 Rc3 64. Nd2+ Kd3 65. Nxb3
Kc2 66. Nxd4+ Kxb1 67. Nxc6 Rxc5 68. Nd4 g6 69. g4 Kb2 70. Ke3 Kc3 71. Ne2+ Kc4
72. Nf4 Rc6 73. Ke4 Rf6 74. Ke5 Rf8 75. Nxg6 Rxf3 76. h5 Rh3 77. Nf4 Rh4 78. Kf5
Kc5 79. Kg5 Rh1 80. h6 Kd6 81. Nh5 Ra1 82. h7 Ra8 83. Kg6 Ke5 84. Nf6 Rf8 1-0

[Event "World Blitz 2025"]
[Site "Doha QAT"]
[Date "2025.12.29"]
[Round "1.89"]
[White "Siddharth, Jagadeesh"]
[Black "Shimanov, Aleksandr"]
[Result "1-0"]
[WhiteTitle "GM"]
[BlackTitle "GM"]
[WhiteElo "2489"]
[BlackElo "2578"]
[WhiteFideId "5818320"]
[BlackFideId "4198603"]
[EventDate "2025.12.29"]

1. c4 e6 2. g3 d5 3. Bg2 d4 4. Nf3 c5 5. e3 Ne7 6. exd4 cxd4 7. b4 a5 8. b5 Nf5
9. Bb2 Bc5 10. O-O O-O 11. d3 a4 12. a3 Nd7 13. Nbd2 e5 14. Re1 f6 15. Ne4 Nd6
16. Nfd2 Ra7 17. Qh5 Nf7 18. f4 b6 19. Rf1 Re8 20. Rae1 Bf8 21. Nf3 Nc5 22. Nxc5
Bxc5 23. fxe5 f5 24. Nh4 g6 25. Nxg6 hxg6 26. Qxg6+ Kf8 27. e6 Nd6 28. Bc1 Rg7
29. Bh6 Qe7 30. Qh7 Qf6 31. Qh8+ Ke7 32. Qxg7+ Qxg7 33. Bxg7 Rg8 34. Be5 Rg6 35.
Bd5 Ne8 36. Rxf5 Nd6 37. Bxd6+ Bxd6 38. Rf7+ Ke8 39. Bc6+ 1-0

[Event "World Blitz 2025"]
[Site "Doha QAT"]
[Date "2025.12.29"]
[Round "1.90"]
[White "Hakobyan, Aram"]
[Black "Suleimen, Ergali"]
[Result "0-1"]
[WhiteTitle "GM"]
[BlackTitle "IM"]
[WhiteElo "2613"]
[BlackElo "2419"]
[WhiteFideId "13306677"]
[BlackFideId "13724452"]
[EventDate "2025.12.29"]

1. e4 c5 2. Nf3 d6 3. d4 cxd4 4. Nxd4 Nf6 5. Bd3 Nc6 6. Ne2 g6 7. c4 Bg7 8. Nbc3
O-O 9. O-O Ne5 10. b3 Nxd3 11. Qxd3 b6 12. Be3 Bb7 13. f3 Rc8 14. Rfd1 Qc7 15.
Bd4 Rfd8 16. Rac1 Bc6 17. Be3 Qb7 18. Nd4 Be8 19. Qd2 a6 20. a4 Nd7 21. Nd5 Nc5
22. Bh6 e6 23. Bxg7 Kxg7 24. Qb2 e5 25. Nc2 Bc6 26. Nce3 Ne6 27. f4 f6 28. f5
Nd4 29. Rxd4 exd4 30. Qxd4 Bxd5 31. Nxd5 Rf8 32. Rf1 Qf7 33. Nxb6 Rce8 34. Nd5
Re5 35. Nf4 Rfe8 36. Ne6+ Kg8 37. b4 Qb7 38. Qxd6 Rxe4 39. Nc5 Qa7 40. fxg6 hxg6
41. Qxf6 R4e6 42. Qf2 Re5 43. a5 Rf5 44. Qd2 Rxf1+ 45. Kxf1 Qf7+ 46. Kg1 Qxc4
47. h3 Re2 48. Qd8+ Kg7 49. Qd7+ Kh6 50. Qc6 Qc1+ 51. Kh2 Qf4+ 52. Kg1 Re1# 0-1

[Event "World Blitz 2025"]
[Site "Doha QAT"]
[Date "2025.12.29"]
[Round "1.91"]
[White "Gharibyan, Mamikon"]
[Black "Vokhidov, Shamsiddin"]
[Result "1/2-1/2"]
[WhiteTitle "GM"]
[BlackTitle "GM"]
[WhiteElo "2491"]
[BlackElo "2641"]
[WhiteFideId "13308300"]
[BlackFideId "14204223"]
[EventDate "2025.12.29"]

1. d4 Nf6 2. c4 e6 3. Nf3 d5 4. cxd5 exd5 5. Nc3 Be7 6. Bf4 c6 7. e3 Nh5 8. Bd3
Nxf4 9. exf4 Bg4 10. O-O O-O 11. h3 Bxf3 12. Qxf3 Nd7 13. Rad1 Re8 14. g4 Bd6
15. g5 Nf8 16. Qg4 Qb6 17. b3 Ne6 18. Ne2 Qc7 19. f5 Nf4 20. Nxf4 Bxf4 21. h4
Bd6 22. f6 g6 23. h5 Bh2+ 24. Kg2 Qf4 25. Kh3 Re6 26. Qxf4 Bxf4 27. Kg4 Bd6 28.
Rh1 Rae8 29. hxg6 hxg6 30. Kf3 Bb4 31. Rdg1 Re1 32. Rxe1 Rxe1 33. Rxe1 Bxe1 34.
Ke3 Kf8 35. Bc2 Bc3 36. f4 Bb2 37. Bd3 Bc1+ 38. Kf3 Bd2 39. Bc2 a5 40. Bd3 Ke8
41. Bc2 Bc1 42. Bb1 Kf8 43. Bc2 Bb2 44. Ke3 Ba3 45. Kf3 Bc1 46. Bd3 Bd2 47. Bc2
Ke8 48. Bd3 Kd8 49. Bc2 Bc3 50. Ke3 Bb2 51. Bb1 b6 52. Bd3 Ke8 53. Bc2 Bc1+ 54.
Kf3 Bd2 55. Bd3 Bc3 56. Ke3 Kf8 57. f5 gxf5 58. Bxf5 Bb2 59. g6 c5 60. dxc5 bxc5
61. gxf7 Kxf7 62. Kd3 Kxf6 63. Bh3 Ke5 64. Bg2 Kd6 65. Bf3 Ke5 1/2-1/2

[Event "World Blitz 2025"]
[Site "Doha QAT"]
[Date "2025.12.29"]
[Round "1.92"]
[White "Naiditsch, Arkadij"]
[Black "Ibrahimli, Murad"]
[Result "1/2-1/2"]
[WhiteTitle "GM"]
[BlackTitle "IM"]
[WhiteElo "2574"]
[BlackElo "2438"]
[WhiteFideId "4650891"]
[BlackFideId "13410229"]
[EventDate "2025.12.29"]

1. e4 e5 2. Nf3 Nc6 3. Bb5 a6 4. Bxc6 dxc6 5. O-O Ne7 6. Nxe5 Qd4 7. Qh5 g6 8.
Qg5 Bg7 9. Nf3 Qxe4 10. Re1 Qb4 11. b3 h6 12. Qg3 Qd6 13. Qxd6 cxd6 14. Nc3 Bf5
15. Ba3 Kd7 16. Rac1 b5 17. Ne4 Bxe4 18. Rxe4 Rhe8 19. Rce1 a5 20. c4 b4 21. Bc1
a4 22. Kf1 axb3 23. axb3 Nf5 24. Rxe8 Rxe8 25. Rxe8 Kxe8 26. d3 c5 27. g4 Ne7
28. d4 cxd4 29. Ke2 Nc6 30. Bd2 Kd7 31. Ne1 Na5 32. Bxb4 Nxb3 33. Nd3 Kc6 34.
Ba3 Nc5 35. Nb4+ Kd7 36. f3 Be5 37. h3 Ne6 38. Bc1 h5 39. Nd3 hxg4 40. fxg4 g5
41. Kf3 f6 42. Ke4 Nc5+ 43. Nxc5+ dxc5 44. Kd5 Bd6 45. Bd2 Be7 46. Be1 Bf8 47.
h4 gxh4 48. Bxh4 Be7 49. Bg3 Ke8 50. Ke6 Kf8 51. Bf4 d3 52. Kd5 Kf7 53. Ke4 Kg6
54. Kxd3 f5 55. gxf5+ Kxf5 1/2-1/2

[Event "World Blitz 2025"]
[Site "Doha QAT"]
[Date "2025.12.29"]
[Round "1.93"]
[White "Bai, Adelard"]
[Black "Grandelius, Nils"]
[Result "0-1"]
[WhiteTitle "IM"]
[BlackTitle "GM"]
[WhiteElo "2417"]
[BlackElo "2664"]
[WhiteFideId "16301188"]
[BlackFideId "1710400"]
[EventDate "2025.12.29"]

1. d4 d5 2. c4 e6 3. Nf3 a6 4. Bg5 Be7 5. Bxe7 Nxe7 6. Nbd2 O-O 7. g3 Nd7 8. Bg2
b6 9. O-O a5 10. Rc1 Bb7 11. cxd5 Bxd5 12. Qc2 c5 13. e4 Bb7 14. Rfd1 Rc8 15.
Qb3 cxd4 16. Rxc8 Qxc8 17. Nxd4 Rd8 18. Qe3 Ne5 19. h3 h6 20. N2f3 Nc4 21. Qe2
e5 22. Nb3 Rxd1+ 23. Qxd1 Bxe4 24. Qe2 Bxf3 25. Bxf3 a4 26. Nd2 Nxd2 27. Qxd2 g6
28. Qd6 Qc5 29. Qxc5 bxc5 30. Bd1 a3 31. bxa3 Kf8 32. Kf1 Ke8 33. Ba4+ Kd8 34.
Ke2 Nf5 0-1

[Event "World Blitz 2025"]
[Site "Doha QAT"]
[Date "2025.12.29"]
[Round "1.94"]
[White "Kevlishvili, Robby"]
[Black "Altini, Nicola"]
[Result "1/2-1/2"]
[WhiteTitle "GM"]
[BlackTitle "IM"]
[WhiteElo "2527"]
[BlackElo "2360"]
[WhiteFideId "1040634"]
[BlackFideId "833924"]
[EventDate "2025.12.29"]

1. e4 c5 2. Nf3 g6 3. d4 cxd4 4. Nxd4 Nc6 5. c4 Nf6 6. Nc3 d6 7. Nc2 Bg7 8. Be2
Nd7 9. O-O Bxc3 10. bxc3 O-O 11. Be3 Qa5 12. Qd2 Nc5 13. f3 Be6 14. Nb4 Ne5 15.
Nd5 Bxd5 16. cxd5 Na4 17. Bd4 Rac8 18. Rac1 f6 19. f4 Nc4 20. Qe1 Na3 21. Bg4
Rc7 22. Be6+ Kh8 23. f5 Nb5 24. Be3 Rxc3 25. Bd2 Qb6+ 26. Kh1 Rxc1 27. Qxc1 g5
28. e5 1/2-1/2

[Event "World Blitz 2025"]
[Site "Doha QAT"]
[Date "2025.12.29"]
[Round "1.95"]
[White "Ezat, Mohamed"]
[Black "Pantsulaia, Levan"]
[Result "0-1"]
[WhiteTitle "IM"]
[BlackTitle "GM"]
[WhiteElo "2294"]
[BlackElo "2472"]
[WhiteFideId "10600906"]
[BlackFideId "13602071"]
[EventDate "2025.12.29"]

1. d4 d5 2. c4 e5 3. dxe5 Ne7 4. Nf3 Nbc6 5. e3 Bg4 6. Be2 Bxf3 7. Bxf3 Nxe5 8.
cxd5 Nxf3+ 9. Qxf3 Qxd5 10. Nc3 Qxf3 11. gxf3 O-O-O 12. Ke2 g6 13. Bd2 Bg7 14.
Rac1 Rd7 15. Rc2 Rhd8 16. Rhc1 a6 17. Ne4 b6 18. f4 Kb7 19. Ng5 Nf5 20. h3 h6
21. Nf3 Re8 22. Kf1 Bf6 23. Bc3 Bxc3 24. Rxc3 f6 25. R3c2 g5 26. fxg5 hxg5 27.
Kg2 c5 28. Rc4 Nd6 29. R4c2 Ne4 30. Rc4 f5 31. R4c2 Rh8 32. Rh1 Rdh7 33. Rcc1 g4
34. hxg4 fxg4 35. Ne5 Rxh1 36. Rxh1 Rxh1 37. Kxh1 Nxf2+ 38. Kg2 Nd1 39. b3 Nxe3+
40. Kf2 Nd1+ 41. Ke1 Nc3 42. Nxg4 Nxa2 43. Kd2 Nb4 44. Kc3 Kc6 45. Ne5+ 0-1

[Event "World Blitz 2025"]
[Site "Doha QAT"]
[Date "2025.12.29"]
[Round "1.96"]
[White "Hovhannisyan, Robert"]
[Black "Grafl, Florian"]
[Result "1-0"]
[WhiteTitle "GM"]
[BlackTitle "IM"]
[WhiteElo "2621"]
[BlackElo "2343"]
[WhiteFideId "13302507"]
[BlackFideId "4645715"]
[EventDate "2025.12.29"]

1. e4 Nc6 2. Nf3 d5 3. exd5 Qxd5 4. Nc3 Qd6 5. d4 Nf6 6. Nb5 Qd8 7. c4 Bg4 8. d5
a6 9. Nc3 Ne5 10. Be2 Bxf3 11. Bxf3 g6 12. O-O Bg7 13. Re1 Nxf3+ 14. Qxf3 O-O
15. Bg5 Qd7 16. Rad1 b5 17. c5 b4 18. Ne4 Nxe4 19. Qxe4 Rfe8 20. b3 Bc3 21. Bd2
Rad8 22. Bxc3 bxc3 23. Qc2 Qf5 24. Qxf5 gxf5 25. Kf1 e6 26. dxe6 fxe6 27. Rc1
Rd2 28. Re2 Red8 29. Rxc3 Rd1+ 30. Re1 R8d2 31. Rxd1 Rxd1+ 32. Ke2 Ra1 33. Rc2
Kf7 34. f4 Kf6 35. Kd3 e5 36. fxe5+ Kxe5 37. Kc4 f4 38. Re2+ 1-0

[Event "World Blitz 2025"]
[Site "Doha QAT"]
[Date "2025.12.29"]
[Round "1.69"]
[White "Aziz, Husain"]
[Black "Quparadze, Giga"]
[Result "1-0"]
[WhiteTitle "IM"]
[BlackTitle "GM"]
[WhiteElo "2256"]
[BlackElo "2502"]
[WhiteFideId "12100293"]
[BlackFideId "13602250"]
[EventDate "2025.12.29"]

1. d4 Nf6 2. Nf3 e6 3. Bf4 b6 4. e3 Bb7 5. Bd3 d6 6. O-O Nbd7 7. c4 Qe7 8. Bg3
g6 9. Nc3 Bg7 10. Rc1 O-O 11. e4 Nh5 12. Bh4 Bf6 13. Bxf6 Qxf6 14. Re1 e5 15.
Nd5 Qd8 16. dxe5 dxe5 17. b4 c6 18. Ne3 a5 19. a3 Qe7 20. Qb3 axb4 21. axb4 Nf4
22. Bf1 Ne6 23. Qb2 f6 24. Red1 Rfd8 25. g3 Ndf8 26. h4 Rxd1 27. Rxd1 Ra4 28.
Rb1 Ra8 29. Bh3 Rd8 30. Ra1 Nd4 31. Nd2 Bc8 32. Bg2 Nfe6 33. Nb3 Nxb3 34. Qxb3
Nd4 35. Qb2 Be6 36. Ra6 b5 37. c5 Kg7 38. Kh2 h5 39. Qa3 Rd7 40. Ra8 f5 41. exf5
gxf5 42. Qa6 Rc7 43. Qb6 f4 44. Qb8 Bc8 45. Nd1 Qd7 46. Nc3 f3 47. Bf1 Nf5 48.
Ne4 Nh6 49. Nd6 Ng4+ 50. Kg1 e4 51. Nxc8 e3 52. Nd6 exf2+ 53. Kh1 Kf6 54. Qf8+
Ke5 55. Qf4+ Ke6 56. Re8+ Qxe8 57. Nxe8 Ra7 58. Qxf3 Ra1 59. Qxc6+ Ke7 60. Qe4+
Kf8 61. Kg2 Re1 62. Qf5+ Kxe8 63. Qxh5+ Ke7 64. Qxg4 1-0

[Event "World Blitz 2025"]
[Site "Doha QAT"]
[Date "2025.12.29"]
[Round "1.70"]
[White "Zemlyanskii, Ivan"]
[Black "Goutham Krishna H"]
[Result "0-1"]
[WhiteTitle "GM"]
[BlackTitle "IM"]
[WhiteElo "2592"]
[BlackElo "2433"]
[WhiteFideId "24249971"]
[BlackFideId "25983504"]
[EventDate "2025.12.29"]

1. e4 e6 2. d4 d5 3. e5 c5 4. c3 Nc6 5. Nf3 Nh6 6. Bxh6 gxh6 7. Bb5 Qb6 8. Qe2
Bd7 9. dxc5 Qxc5 10. O-O Bg7 11. Bd3 f6 12. exf6 Bxf6 13. Nbd2 O-O-O 14. Nb3 Qd6
15. c4 Kb8 16. Rad1 Bc8 17. Rfe1 h5 18. Be4 Ne7 19. Bb1 Nc6 20. Qd2 Qc7 21. Qe2
h4 22. Nc5 dxc4 23. Nxe6 Bxe6 24. Qxe6 Bxb2 25. Qxc4 h3 26. g3 Rhf8 27. Be4 Nd4
28. Qxc7+ Kxc7 29. Ng5 Rfe8 30. Nxh3 Ne2+ 31. Kf1 Rxd1 32. Rxd1 Rxe4 33. Rd2 0-1

[Event "World Blitz 2025"]
[Site "Doha QAT"]
[Date "2025.12.29"]
[Round "1.71"]
[White "Nurgaliyev, Sauat"]
[Black "Muradli, Mahammad"]
[Result "0-1"]
[WhiteTitle "IM"]
[BlackTitle "GM"]
[WhiteElo "2437"]
[BlackElo "2581"]
[WhiteFideId "13726285"]
[BlackFideId "13409301"]
[EventDate "2025.12.29"]

1. e4 c5 2. Nf3 d6 3. d4 cxd4 4. Nxd4 Nf6 5. Nc3 a6 6. Bd3 e5 7. Nde2 Be6 8. f4
exf4 9. Nxf4 Nc6 10. O-O Ne5 11. Be3 g6 12. Kh1 Bg7 13. a4 O-O 14. a5 Rc8 15.
Qd2 Re8 16. h3 Nc4 17. Bxc4 Bxc4 18. Bb6 Qd7 19. Rfe1 Bb5 20. Rad1 Bc6 21. Bd4
Re7 22. Bxf6 Bxf6 23. Ncd5 Be5 24. Nxe7+ Qxe7 25. Nd3 Bg7 26. Nb4 Bb5 27. c3 Be5
28. Nd3 Bg7 29. Nf2 Rc6 30. e5 Bxe5 31. Ng4 Rc5 32. Nxe5 dxe5 33. Qe3 Bc6 34. b4
Rc4 35. Rd2 Kg7 36. Qg3 e4 37. Re3 Qf6 38. Kh2 h5 39. Rf2 h4 40. Qf4 Qxf4+ 41.
Rxf4 g5 42. Rf5 Kg6 43. Re5 f5 44. Re7 f4 45. Re1 Rxc3 46. Rd1 e3 47. Rd6+ Kf5
48. Rf7+ Ke5 49. Rff6 Bd5 50. Rb6 e2 51. Rf8 Rc6 52. Re8+ Be6 0-1

[Event "World Blitz 2025"]
[Site "Doha QAT"]
[Date "2025.12.29"]
[Round "1.72"]
[White "Uskov, Artem"]
[Black "Wafa, Hamed"]
[Result "1-0"]
[WhiteTitle "GM"]
[BlackTitle "IM"]
[WhiteElo "2516"]
[BlackElo "2373"]
[WhiteFideId "34254854"]
[BlackFideId "10628452"]
[EventDate "2025.12.29"]

1. c4 Nf6 2. g3 c5 3. Nf3 Nc6 4. Bg2 d5 5. cxd5 Nxd5 6. Nc3 Nc7 7. d3 e5 8. Nd2
Be7 9. Nc4 Bd7 10. O-O f6 11. f4 exf4 12. Bxf4 O-O 13. Qb3 Ne6 14. Qxb7 Nxf4 15.
Bxc6 Bxc6 16. Qxc6 Qd4+ 17. e3 Nh3+ 18. Kg2 Qg4 19. Qd5+ Kh8 20. Qe4 Qd7 21. Qf5
Qb7+ 22. Kxh3 Rad8 23. Rad1 g6 24. Qe4 Qc7 25. Kg2 Kg7 26. Nd5 1-0

[Event "World Blitz 2025"]
[Site "Doha QAT"]
[Date "2025.12.29"]
[Round "1.73"]
[White "Suleymenov, Alisher"]
[Black "Idani, Pouya"]
[Result "0-1"]
[WhiteTitle "GM"]
[BlackTitle "GM"]
[WhiteElo "2505"]
[BlackElo "2611"]
[WhiteFideId "13707833"]
[BlackFideId "12510130"]
[EventDate "2025.12.29"]

1. d4 d5 2. c4 e6 3. Nf3 Nf6 4. Nc3 h6 5. Bf4 Bd6 6. Bxd6 Qxd6 7. e3 O-O 8. Rc1
a6 9. cxd5 exd5 10. Bd3 Bg4 11. h3 Bxf3 12. Qxf3 Nbd7 13. O-O c6 14. Rfd1 Rfe8
15. a3 a5 16. Qe2 Nb6 17. Qc2 Qe7 18. Rb1 Qd6 19. b4 axb4 20. axb4 Rec8 21. Rdc1
Nbd7 22. Na4 b5 23. Nc5 Nb6 24. Ra1 Nc4 25. Ra2 Rxa2 26. Qxa2 Qe7 27. Qa6 Qc7
28. Ra1 g6 29. Qa7 Kg7 30. Ra6 Nd7 31. Qxc7 Rxc7 32. g4 Nxc5 33. dxc5 Ne5 34.
Be2 g5 35. Kg2 Ng6 36. Kg3 Kf8 37. Bd3 Ne5 38. Be2 Ng6 39. Bd3 Ne5 40. Bf1 Ke7
41. h4 Nd7 42. h5 Nf6 43. f3 d4 44. e4 Nd7 45. Ra8 Kf6 46. Rd8 Ra7 47. Be2 Ke7
48. Rh8 Ne5 49. Rxh6 Ra2 50. Bf1 Ra1 51. Be2 d3 52. Bxd3 Nxd3 53. Rxc6 Ra2 54.
Rc7+ Ke6 55. Rc6+ Ke5 56. Rc7 Nf4 57. Re7+ Kf6 0-1

[Event "World Blitz 2025"]
[Site "Doha QAT"]
[Date "2025.12.29"]
[Round "1.74"]
[White "Sychev, Klementy"]
[Black "Smirnov, Mark"]
[Result "0-1"]
[WhiteTitle "GM"]
[BlackTitle "FM"]
[WhiteElo "2517"]
[BlackElo "2420"]
[WhiteFideId "4114060"]
[BlackFideId "13764594"]
[EventDate "2025.12.29"]

1. e4 e5 2. Nf3 Nc6 3. Bc4 Nf6 4. d3 d5 5. exd5 Nxd5 6. O-O Be7 7. Re1 f6 8. d4
Nb6 9. Bb5 O-O 10. Bxc6 bxc6 11. dxe5 Qxd1 12. Rxd1 fxe5 13. Re1 Bf5 14. Nxe5
Bf6 15. Nc3 Bxc2 16. Bf4 Rfe8 17. Rac1 Bf5 18. h3 Bxe5 19. Rxe5 Rxe5 20. Bxe5
Nc4 21. Bxc7 Nxb2 22. Ne2 Be4 23. Nd4 Rc8 24. Bg3 Bd5 25. Rc2 Nd3 26. Nf5 Re8
27. Ne3 Nb4 28. Rb2 c5 29. Bd6 Nd3 30. Rd2 Be4 31. a3 Re6 32. Bb8 Ra6 33. f3 Bg6
34. Nc4 Ra4 35. Ne5 Rxa3 36. Nxd3 Bxd3 37. Bxa7 c4 38. Bd4 c3 39. Rd1 c2 40. Rc1
Kf7 41. Kf2 h5 42. Ke1 h4 43. Kd2 Bf5 44. Bc3 Ra7 45. Bd4 Rd7 46. Ke3 Re7+ 47.
Kd2 g5 48. Bb2 Kg6 49. Ra1 Rd7+ 50. Ke2 Kh5 51. Ra5 Bd3+ 52. Ke1 Bg6 53. Ra1 Rb7
54. Bc1 Rb1 0-1

[Event "World Blitz 2025"]
[Site "Doha QAT"]
[Date "2025.12.29"]
[Round "1.75"]
[White "Medhus, Vitus Bondo"]
[Black "Tabatabaei, M. Amin"]
[Result "0-1"]
[WhiteTitle "FM"]
[BlackTitle "GM"]
[WhiteElo "2387"]
[BlackElo "2700"]
[WhiteFideId "1462547"]
[BlackFideId "12521213"]
[EventDate "2025.12.29"]

1. e4 d6 2. Nc3 Nf6 3. d4 g6 4. Bg5 Bg7 5. e5 Nfd7 6. f4 Nb6 7. Nf3 O-O 8. Be2
f6 9. Bh4 fxe5 10. fxe5 Nc6 11. O-O Bf5 12. Bb5 a6 13. Bxc6 bxc6 14. Qe2 Qd7 15.
Rae1 h6 16. h3 g5 17. Bg3 Nd5 18. Nxd5 cxd5 19. c3 a5 20. b3 a4 21. b4 a3 22.
Qe3 Rae8 23. e6 Qc6 24. h4 g4 25. Nd2 Bg6 26. Rf4 Rxf4 27. Bxf4 Kh7 28. h5 Bxh5
29. Kf2 Rf8 30. Rh1 Qe8 31. Nf1 Bg6 32. Kg3 h5 33. Nh2 Bf5 34. Nf1 Qg6 35. Kh2
Qxe6 36. Ng3 Qxe3 37. Bxe3 Bg6 38. Kg1 Bh6 39. Bf2 Bd2 40. Nxh5 Kg8 41. Rh4 Bxh5
42. Rxh5 Bxc3 43. Rg5+ Kf7 44. Rxg4 Bxb4 45. Rg3 c5 46. Rb3 e5 47. dxe5 dxe5 48.
Kf1 d4 49. Ke2 Ke6 50. Rb1 Rg8 51. Kf3 Kd5 52. g4 e4+ 53. Kf4 e3 54. Bh4 Rf8+
55. Kg5 d3 56. Kh6 e2 57. g5 d2 58. g6 d1=Q 59. g7 Bd2+ 0-1

[Event "World Blitz 2025"]
[Site "Doha QAT"]
[Date "2025.12.29"]
[Round "1.76"]
[White "Theodorou, Nikolas"]
[Black "Harshavardhan, G B"]
[Result "1-0"]
[WhiteTitle "GM"]
[BlackTitle "IM"]
[WhiteElo "2652"]
[BlackElo "2477"]
[WhiteFideId "4262875"]
[BlackFideId "25059009"]
[EventDate "2025.12.29"]

1. d4 Nf6 2. Nf3 e6 3. c4 Bb4+ 4. Nbd2 O-O 5. a3 Be7 6. e4 d5 7. e5 Nfd7 8. Bd3
c5 9. h4 h6 10. Bb1 Nc6 11. cxd5 exd5 12. Nb3 cxd4 13. Qd3 f5 14. Bf4 Nc5 15.
Nxc5 Bxc5 16. b4 Bb6 17. O-O a6 18. Ba2 Be6 19. Rac1 Qd7 20. Rc2 Kh7 21. Rfc1
Rfc8 22. Bb3 a5 23. b5 Ne7 24. Rxc8 Rxc8 25. Rxc8 Qxc8 26. Nxd4 Bf7 27. Be3 Bc5
28. Nxf5 Nxf5 29. Bxc5 Bg6 30. h5 Bxh5 31. Qxd5 Bg6 32. e6 Nh4 33. e7 Nf5 34.
Qd8 Nxe7 35. Qxe7 Qf5 36. Qe3 Qb1+ 37. Kh2 Qf5 38. a4 Qh5+ 39. Kg3 Qf5 40. f3 h5
41. Bd4 Qd7 42. Qe5 Kh6 43. Qf4+ Kh7 44. Qe5 Kh6 45. Be6 Qe7 46. Be3+ Kh7 47.
Bg8+ 1-0